| 000 | 00355nam a22001457a 4500 | ||
|---|---|---|---|
| 003 | SGT | ||
| 020 | _a938426649-3 | ||
| 082 |
_a615.329 _bJAI |
||
| 100 | _aJAIN, VIPUL H. | ||
| 245 | _aPRACTICAL PHARMACEUTICAL MICROBIOLOGY | ||
| 260 |
_aINDIA _bBIRLA PUB. _c2026 |
||
| 300 | _a78 | ||
| 650 | _aPRACTICAL PHARMACEUTICAL MICROBIOLOGY | ||
| 942 |
_2ddc _cBK |
||
| 999 |
_c32964 _d32964 |
||